00627nam a22001937a 4500008004100000020001500041020001800056020001500074020001800089050002300107100001900130245007600149260004400225300003500269440002400304500003500328650003200363650003800395240905b |||||||| |||| 00| 0 eng d a0821411594 a9780821411599 a0852552416 a9780852552414 aRA552b.U4W35 1996 aWallman Sandra aKampala women getting by wellbeing it the time of AIDS/cSandra Wallman akampala :bfountain publishers,c1996. ax, 246p. :bill., map ;c22cm. aEast Africa Studies aincludes references and index aHealth and behaviorzAfrica awomenxhealth and hygienezAfrica